Pokémon - Les attaques de Ouisticram - Statistiques

Statistiques générales
  • Ce quiz a été pris 40 fois
  • Le résultat moyen est 8 sur 13
Statistiques - réponses
Niveaux Types Noms des attaques % Correct
Départ Normal Griffe
100%
Niveau 7 Feu Flammèche
96%
Niveau 17 Feu Roue de Feu
92%
Départ Normal Groz'Yeux
80%
Niveau 47 Feu Lance-Flammes
76%
Niveau 15 Normal Combo-Griffe
72%
Niveau 9 Ténèbres Provoc
64%
Niveau 39 Vol Acrobatie
52%
Niveau 33 Feu Danse Flamme
52%
Niveau 25 Ténèbres Tourmente
40%
Niveau 23 Ténèbres Machination
20%
Niveau 41 Normal Paresse
8%
Niveau 31 Normal Façade
0%
Aucun quiz correspondant
Distribution des résultats
% des personnes avec chaque résultat
Percentile par nombre de réponses
Votre historique - résultats
Vous n’avez pas pris ce quiz